zpět

Detail výsledku týmu

Spirit Bar - Žižkov, Praha

Datum a čas kvízu

26 Celkem bodů Celkový počet nahraných bodů na tomto kvízu bez doplňovacích otázek.
7. Pořadí na kvízu Konečné umístění týmu na tomto kvízu.

Zaznamenané odpovědi

# Otázka Odpověď Body Výsledky
1. Ve čtvrtek pronásledovali praž... Rohlík (Rohlík.cz) 1
2. Konverzační robot umělé inteli... Adolfa Hitlera 1
3. Slavná polská režisérka Agnies... Franz 0
4. Evropská unie definitivně schv... Bulharsko 1
5. Který český sportovec či sport... Kateřina Siniaková, smíšená čtyřhra (mix) 1
6. Tento snímek pochází z národní... Žofínský prales 0
7. Rejvíz je národní přírodní rez... A) Jeseníků 1
8. Tuto přírodní rezervaci najdem... Prachovské skály 0
9. Nyní se podíváme na nejdelší j... Koněpruské jeskyně 1
10. Zde vidíme výhled z rozhledny... Králický Sněžník 0